Blasted allegories (Record no. 9734)

MARC details
000 -LEADER
campo de control de longitud fija 01023nam a2200277 i 4500
001 - NÚMERO DE CONTROL
campo de control 9734
003 - IDENTIFICADOR DE NÚMERO DE CONTROL
campo de control ES-MaACL
005 - FECHA Y HORA DE LA ÚLTIMA TRANSACCIÓN
campo de control 20230906145739.0
007 - CAMPO FIJO DE DESCRIPCIÓN FÍSICA--INFORMACIÓN GENERAL
campo de control de longitud fija t|
008 - DATOS DE LONGITUD FIJA--INFORMACIÓN GENERAL
campo de control de longitud fija 931209s1987 xxua |||| | eng d
020 ## - NÚMERO INTERNACIONAL ESTÁNDAR DEL LIBRO
Número Internacional Estándar del Libro 0-262-23128-X
080 ## - NÚMERO DE LA CLASIFICACIÓN DECIMAL UNIVERSAL
Número de la Clasificación Decimal Universal 7.036(73)"19"(082)
080 ## - NÚMERO DE LA CLASIFICACIÓN DECIMAL UNIVERSAL
Número de la Clasificación Decimal Universal 7.071(73)"19"(082)
245 00 - MENCIÓN DEL TÍTULO
Título Blasted allegories
Resto del título : an anthology of writings by contemporary artists /
Mención de responsabilidad, etc. edited by Brian Wallis ; foreward by Marcia Tucker.
260 ## - PUBLICACIÓN, DISTRIBUCIÓN, ETC.
Lugar de publicación, distribución, etc. New York :
Nombre del editor, distribuidor, etc. The New Museum of Contemporary Art ;
Lugar de publicación, distribución, etc. Cambridge, Massachusetts :
Nombre del editor, distribuidor, etc. The MIT Press,
Fecha de publicación, distribución, etc. [1987]
300 ## - DESCRIPCIÓN FÍSICA
Extensión XVII, 429 p. :
Otras características físicas il. ;
Dimensiones 24 cm.
490 1# - MENCIÓN DE SERIE
Mención de serie Documentary sources in contemporary art
504 ## - NOTA DE BIBLIOGRAFÍA, ETC.
Nota de bibliografía, etc. Bibliografía: p. 417-427.
650 14 - PUNTO DE ACCESO ADICIONAL DE MATERIA--TÉRMINO DE MATERIA
Término de materia o nombre geográfico como elemento de entrada Arte norteamericano-
Subdivisión cronológica S.XX.
9 (RLIN) 10257
700 1# - ENTRADA AGREGADA--NOMBRE PERSONAL
Nombre de persona Wallis, Brian.
9 (RLIN) 115969
700 1# - ENTRADA AGREGADA--NOMBRE PERSONAL
Nombre de persona Tucker, Marcia.
9 (RLIN) 111630
710 2# - ENTRADA AGREGADA--NOMBRE DE ENTIDAD CORPORATIVA
Nombre de entidad corporativa o nombre de jurisdicción como elemento de entrada New Museum of Contemporary Art (New York)
9 (RLIN) 5991
830 0# - PUNTO DE ACCESO ADICIONAL DE SERIE-TÍTULO UNIFORME
Título uniforme Documentary sources in contemporary art
9 (RLIN) 228063
852 ## - LOCALIZACIÓN
Ubicación ES-MaACL
Número de control de estantería L-17189
Holdings
Estatus retirado Estado de pérdida Estado de daño No para préstamo Biblioteca de origen Biblioteca actual Ubicación en estantería Fecha de adquisición Fuente de adquisición Total de préstamos Signatura topográfica completa Código de barras Visto por última vez Precio de reemplazo Tipo de ítem Koha
        Biblioteca del Ateneo de Madrid Biblioteca del Ateneo de Madrid Depósito 2 17/01/2008     L-17189 1009933 23/02/2023 23/02/2023 Libro impreso